[Event "XV Weekend B"]
[Site "Ceriano Laghetto ITA"]
[Date "2006.04.01"]
[Round "3"]
[White "Scarpellini, Felice"]
[Black "Pepa, Syrja"]
[Result "0-1"]
[WhiteElo "1941"]
[BlackElo "1718"]
[PlyCount "144"]
[EventDate "2006.03.31"]

1. c4 e5 2. Nc3 Nf6 3. g3 Nc6 4. Bg2 Be7 5. Nf3 O-O 6. O-O a6 7. d4 exd4 8.
Nxd4 Ne5 9. b3 Bc5 10. Bb2 d6 11. Nd5 c6 12. Nxf6+ Qxf6 13. Qc2 Qh6 14. Nf5 Qg5
15. Nd4 Qh5 16. Nf3 f6 17. Nxe5 fxe5 18. a3 Bg4 19. e3 Bh3 20. b4 Bb6 21. c5
dxc5 22. bxc5 Bxg2 23. Kxg2 Qf3+ 24. Kg1 Bc7 25. Rad1 h5 26. Rd7 Rac8 27. Qg6
Rf7 28. Qe6 Qf6 29. Qc4 Qf5 30. Rdd1 Kh8 31. e4 Qg6 32. h4 Rf4 33. Kh2 Rxe4 34.
Qd3 Rd8 35. Qf3 Rd5 36. Rxd5 cxd5 37. Qb3 Qc6 38. Qf3 Rg4 39. Qf8+ Kh7 40. Qf5+
Qg6 41. Qd7 Ba5 42. Qxd5 e4 43. Bc1 Bc7 44. Bg5 e3 45. fxe3 Rxg3 46. Kh1 Rh3+
47. Kg2 Rxh4 48. Rf5 Rg4+ 49. Kf3 Qc6 50. Qxc6 bxc6 51. Bf4 Kg6 52. Rf8 Bxf4
53. exf4 Rg1 54. Rc8 Kf5 55. Rxc6 Rf1+ 56. Kg3 h4+ 57. Kxh4 Kxf4 58. Kh3 Rf3+
59. Kg2 Rxa3 60. Rg6 Rc3 61. Rxa6 Rxc5 62. Rg6 Rg5+ 63. Rxg5 Kxg5 64. Kg3 g6
65. Kf2 Kg4 66. Kg2 g5 67. Kh2 Kf3 68. Kg1 Kg3 69. Kh1 Kf2 70. Kh2 g4 71. Kh1
Kf3 72. Kg1 Kg3 0-1

[Event "XV Weekend B"]
[Site "Ceriano Laghetto ITA"]
[Date "2006.04.01"]
[Round "3"]
[White "Stips, Felix"]
[Black "Sartorio, Diego"]
[Result "1-0"]
[WhiteElo "1818"]
[BlackElo "1924"]
[PlyCount "43"]
[EventDate "2006.03.31"]

1. e4 e6 2. d4 d5 3. Nc3 Bb4 4. Nge2 Ne7 5. a3 Ba5 6. b4 Bb6 7. e5 a6 8. Nf4
Nbc6 9. Nce2 Bd7 10. c3 a5 11. Nh5 Rg8 12. Rb1 axb4 13. axb4 Nb8 14. Neg3 Ba4
15. Qd3 Ng6 16. f4 c6 17. f5 Bb5 18. Qf3 Nf8 19. Qg4 Kd7 20. Bxb5 cxb5 21. Nf6+
gxf6 22. Qxg8 1-0

[Event "XV Weekend B"]
[Site "Ceriano Laghetto ITA"]
[Date "2006.04.01"]
[Round "3"]
[White "Viale, Fabio"]
[Black "Orsi, Matteo"]
[Result "0-1"]
[WhiteElo "1613"]
[BlackElo "1900"]
[PlyCount "91"]
[EventDate "2006.03.31"]

1. d4 Nf6 2. c4 c5 3. d5 e6 4. Nc3 exd5 5. cxd5 d6 6. e4 g6 7. Nf3 Bg7 8. Bd3
O-O 9. O-O Na6 10. Re1 Nc7 11. h3 a6 12. a4 Rb8 13. a5 b5 14. axb6 Rxb6 15. Ra3
Nb5 16. Ra5 Nxc3 17. bxc3 Nd7 18. Bd2 Rb1 19. Qxb1 Qxa5 20. Qa1 Qb6 21. Rb1 Qa7
22. Qa5 Bf6 23. Bg5 Bxg5 24. Nxg5 Ne5 25. Be2 f5 26. Rb6 c4 27. Rxd6 Qe7 28. f4
Qxd6 29. fxe5 Qxe5 30. Bxc4 Kg7 31. Bxa6 fxe4 32. Bxc8 Qxg5 33. c4 Qe3+ 34. Kh2
Qf4+ 35. Kg1 Qc1+ 36. Kh2 Qxc4 37. Qa7+ Rf7 38. Qa1+ Kh6 39. Be6 Qc7+ 40. Kg1
Qa7+ 41. Qxa7 Rxa7 42. Kf2 Ra3 43. d6 Rd3 44. d7 Kg7 45. g3 Kf6 46. h4 0-1

[Event "XV Weekend B"]
[Site "Ceriano Laghetto ITA"]
[Date "2006.04.01"]
[Round "3"]
[White "Villalba, Fernando"]
[Black "Savarese, Vincenzo"]
[Result "1-0"]
[WhiteElo "1899"]
[BlackElo "1848"]
[PlyCount "84"]
[EventDate "2006.03.31"]

1. e4 e6 2. d4 d5 3. Nc3 h6 4. exd5 exd5 5. Nf3 Bf5 6. Bd3 Bxd3 7. Qxd3 c6 8.
O-O Bd6 9. Re1+ Ne7 10. Ne2 Qc7 11. Ng3 g6 12. c4 Nd7 13. cxd5 cxd5 14. Be3 Qc4
15. Qd2 Bb4 16. Qd1 Bxe1 17. Qxe1 Qc6 18. Bf4 Qe6 19. Qd2 g5 20. Re1 Qg6 21.
Qb4 O-O 22. Rxe7 gxf4 23. Nh4 Qd3 24. Ngf5 Rae8 25. h3 Nf6 26. Qd6 Qa6 27. Qxf4
Nh5 28. Qg4+ Kh7 29. Qxh5 Rxe7 30. Nxe7 Qe6 31. Qf5+ Kg7 32. Nxd5 Rd8 33. Qxe6
fxe6 34. Nf4 Kf6 35. Nf3 Kf5 36. Nd3 b6 37. Kf1 Rc8 38. Nde1 Rc1 39. Ke2 Ke4
40. Nd2+ Kd5 41. g4 e5 42. dxe5 Kxe5 1-0

[Event "XV Weekend B"]
[Site "Ceriano Laghetto ITA"]
[Date "2006.04.02"]
[Round "4"]
[White "Albrizio, Mauro"]
[Black "Longo, Giovanni"]
[Result "1/2-1/2"]
[WhiteElo "1610"]
[BlackElo "1724"]
[PlyCount "151"]
[EventDate "2006.03.31"]

1. e4 c6 2. d4 d5 3. exd5 cxd5 4. Bd3 Nf6 5. h3 g6 6. Nf3 b6 7. Bf4 Ba6 8. O-O
Bxd3 9. Qxd3 Bg7 10. Nbd2 O-O 11. Rfe1 Nc6 12. c3 e6 13. Ne5 Rc8 14. a4 Re8 15.
Re2 Re7 16. Rae1 Qe8 17. Qb5 Nxe5 18. Bxe5 Rc6 19. Re3 Rc8 20. Bd6 Qxb5 21.
axb5 Rd7 22. Bb4 Bh6 23. R3e2 Bxd2 24. Rxd2 Ne8 25. Ra1 Ra8 26. b3 Rc7 27. Rc2
Nf6 28. Bd6 Rd7 29. Be5 Ne8 30. Rac1 f6 31. Bf4 Kf7 32. f3 Ng7 33. Kf2 a5 34.
bxa6 Rxa6 35. g4 b5 36. Ke3 Ra3 37. Rb1 g5 38. Bg3 h5 39. Kd3 h4 40. Bh2 Rda7
41. Bd6 Ra1 42. Rcb2 R7a2 43. Kc2 Ne8 44. Bh2 Ke7 45. f4 Nd6 46. fxg5 fxg5 47.
Bxd6+ Kxd6 48. Rxa2 Rxa2+ 49. Rb2 Ra8 50. Kd3 Ra1 51. Rh2 Ra3 52. Rb2 Kc6 53.
Re2 Kd6 54. Rb2 Ra1 55. Rh2 Rb1 56. Kc2 Rf1 57. Kb2 e5 58. dxe5+ Kxe5 59. Ka3
Rf4 60. Re2+ Re4 61. Rf2 Re3 62. Rf5+ Ke4 63. Kb4 Rxh3 64. Rxg5 Rg3 65. Rh5
Rxg4 66. Kxb5 Kf3 67. Kc5 Kg3 68. b4 h3 69. b5 Rc4+ 70. Kxd5 Rxc3 71. b6 h2 72.
b7 Rb3 73. Kc6 Rc3+ 74. Kd7 Rb3 75. Kc7 Kg2 76. Rxh2+ 1/2-1/2

[Event "XV Weekend B"]
[Site "Ceriano Laghetto ITA"]
[Date "2006.04.02"]
[Round "4"]
[White "Bonoldi, Fabio"]
[Black "Pulcini, Giorgio"]
[Result "1-0"]
[WhiteElo "1852"]
[BlackElo "1626"]
[PlyCount "143"]
[EventDate "2006.03.31"]

1. c4 e5 2. Nc3 Nf6 3. g3 d5 4. cxd5 Nxd5 5. Bg2 c6 6. d3 Nxc3 7. bxc3 Qa5 8.
Qc2 Be6 9. Nf3 Nd7 10. Bd2 Nc5 11. c4 Qc7 12. Bc3 Bd6 13. Nd2 O-O 14. O-O f5
15. e3 f4 16. gxf4 exf4 17. e4 Nd7 18. f3 Ne5 19. Bb2 Ng6 20. d4 Nh4 21. e5
Nxg2 22. Kxg2 Be7 23. Rg1 Rf5 24. Ne4 Rh5 25. Kh1 Rf8 26. Qg2 Bh4 27. Qd2 Bxc4
28. Rg4 Bd5 29. Rxf4 Rxf4 30. Qxf4 Bxe4 31. Ba3 Bxf3+ 32. Qxf3 Qf7 33. Rf1
Qxf3+ 34. Rxf3 h6 35. Bc5 b6 36. Bd6 c5 37. dxc5 bxc5 38. e6 Rd5 39. e7 Rd1+
40. Kg2 Rd2+ 41. Kh3 Bxe7 42. Bxe7 c4 43. a3 g5 44. Kg3 a5 45. Rc3 Kf7 46. Bc5
Rd3+ 47. Rxd3 cxd3 48. Kf3 Ke6 49. Ke3 h5 50. Kxd3 g4 51. Bf2 Kf5 52. Bg3 Kg5
53. Kc4 h4 54. Bc7 Kf5 55. Kb5 Ke6 56. Kxa5 Kd7 57. Kb6 g3 58. Bxg3 hxg3 59.
hxg3 Ke6 60. a4 Kf5 61. a5 Kg4 62. a6 Kxg3 63. a7 Kf4 64. a8=Q Ke5 65. Kc5 Ke6
66. Qd5+ Ke7 67. Qd6+ Kf7 68. Kd5 Ke8 69. Qc7 Kf8 70. Ke6 Kg8 71. Kf6 Kh8 72.
Qg7# 1-0

[Event "XV Weekend B"]
[Site "Ceriano Laghetto ITA"]
[Date "2006.04.02"]
[Round "4"]
[White "Cecchini, Massimo"]
[Black "Regorda, Vittorio"]
[Result "1/2-1/2"]
[WhiteElo "1676"]
[BlackElo "1968"]
[PlyCount "77"]
[EventDate "2006.03.31"]

1. d4 Nf6 2. c4 g6 3. Nc3 Bg7 4. e4 d6 5. Be2 O-O 6. h3 e5 7. Be3 exd4 8. Bxd4
Nc6 9. Be3 Re8 10. Bf3 h6 11. Qd2 Kh7 12. Nge2 Ne5 13. b3 a5 14. Bd4 Nxf3+ 15.
gxf3 Bd7 16. h4 a4 17. b4 Be6 18. Qd3 c5 19. Bxf6 Bxf6 20. b5 Qa5 21. Rb1 Qd8
22. h5 Bg7 23. hxg6+ fxg6 24. Kd2 Qf6 25. Rbg1 Rf8 26. Rg3 Qf7 27. Nd5 Be5 28.
f4 Bxd5 29. Qxd5 Bxf4+ 30. Nxf4 Qxf4+ 31. Kd3 Qf7 32. Qg5 Qg7 33. Qe3 Qd4+ 34.
Qxd4 cxd4 35. f3 Rf6 36. Kxd4 Raf8 37. Ke3 Rc8 38. Kd4 Rcf8 39. Ke3 1/2-1/2

[Event "XV Weekend B"]
[Site "Ceriano Laghetto ITA"]
[Date "2006.04.02"]
[Round "4"]
[White "Cesarano, Marco"]
[Black "Colombo, Sandro"]
[Result "0-1"]
[WhiteElo "1653"]
[BlackElo "1733"]
[PlyCount "50"]
[EventDate "2006.03.31"]

1. d4 d5 2. Nf3 c5 3. e3 e6 4. c4 dxc4 5. Bxc4 Nf6 6. Nc3 Nc6 7. O-O a6 8. a4
cxd4 9. exd4 Bb4 10. Bd3 O-O 11. Be3 Bd7 12. Qe2 Rc8 13. Rfd1 Qc7 14. Ne4 Be7
15. Rac1 Ng4 16. Bg5 Bxg5 17. Nexg5 h6 18. Ne4 Nxd4 19. Nf6+ gxf6 20. Qe4 Nxf3+
21. Kf1 Nd2+ 22. Rxd2 Qxc1+ 23. Ke2 f5 24. Qd4 Rfd8 25. f3 Bb5 0-1

[Event "XV Weekend B"]
[Site "Ceriano Laghetto ITA"]
[Date "2006.04.02"]
[Round "4"]
[White "Corti, Filippo"]
[Black "Paniga, Danilo"]
[Result "0-1"]
[WhiteElo "1634"]
[BlackElo "1716"]
[PlyCount "102"]
[EventDate "2006.03.31"]

1. Nf3 d6 2. g3 Nf6 3. Bg2 g6 4. d3 Bg7 5. O-O O-O 6. e4 e5 7. h3 Nc6 8. Be3
Bd7 9. Qd2 a5 10. Bg5 b5 11. Nc3 Ne7 12. Nh4 Ne8 13. Nd5 f6 14. Bh6 Nxd5 15.
exd5 Qc8 16. Kh2 c5 17. c4 Qb7 18. Be3 Qa6 19. Rac1 Rb8 20. f4 bxc4 21. dxc4 f5
22. fxe5 Bxe5 23. Nf3 Rxb2 24. Rc2 Rxc2 25. Qxc2 Bg7 26. Ng5 Nc7 27. Qf2 Qxc4
28. Rc1 Qa6 29. Bf1 Qa7 30. Bc4 Rb8 31. Rc2 Bb5 32. Bxb5 Rxb5 33. Qe2 Qb8 34.
Bf4 Rb6 35. Qe7 Rb2 36. Qf7+ Kh8 37. Rxb2 Qxb2+ 38. Kh1 Qb1+ 39. Kg2 Qxa2+ 40.
Kf3 Qxd5+ 41. Qxd5 Nxd5 42. Bxd6 c4 43. Ke2 Kg8 44. Kd2 c3+ 45. Kc1 Bh6 46. h4
Bxg5+ 47. hxg5 Kf7 48. Kc2 Ke6 49. Bf4 Nxf4 50. gxf4 Kd5 51. Kd3 a4 0-1

[Event "XV Weekend B"]
[Site "Ceriano Laghetto ITA"]
[Date "2006.04.02"]
[Round "4"]
[White "Donadi, Luca"]
[Black "Scarpellini, Felice"]
[Result "0-1"]
[WhiteElo "1787"]
[BlackElo "1941"]
[PlyCount "110"]
[EventDate "2006.03.31"]

1. e4 d6 2. d4 g6 3. Nf3 Bg7 4. h3 Nf6 5. Nc3 O-O 6. Bc4 c6 7. O-O b5 8. Bd3
Nbd7 9. Bg5 e5 10. Qd2 a5 11. Rad1 Ba6 12. Rfe1 b4 13. Ne2 Qc7 14. c3 c5 15. d5
Bxd3 16. Qxd3 Rfb8 17. Rb1 c4 18. Qc2 b3 19. axb3 cxb3 20. Qd3 Nc5 21. Qc4
Nfxe4 22. Be3 Qb7 23. Bxc5 Nxc5 24. Ng3 a4 25. Ne4 Nxe4 26. Qxe4 Ra5 27. c4 Rc5
28. Nd2 Qa6 29. Qd3 Bf8 30. Ra1 Rb4 31. Rec1 Bh6 32. Ne4 Bxc1 33. Nxc5 Qxc4 34.
Qxc4 Rxc4 35. Nxa4 Rc2 36. Rb1 Bd2 37. Kf1 Bb4 38. g4 f5 39. f3 Rh2 40. Kg1
Rxh3 41. Kg2 fxg4 42. fxg4 Rd3 43. Nb6 Bc5 44. Nd7 Kg7 45. g5 Rxd5 46. Ra1 Rd2+
47. Kf3 Rxb2 48. Ra8 h6 49. Nxc5 dxc5 50. Ra7+ Kg8 51. Ra8+ Kf7 52. Ra7+ Ke6
53. Ra6+ Kf5 54. gxh6 Rh2 55. Rb6 Rxh6 0-1

[Event "XV Weekend B"]
[Site "Ceriano Laghetto ITA"]
[Date "2006.04.02"]
[Round "4"]
[White "Franceschetti, Nando"]
[Black "Libutti, Michele"]
[Result "1-0"]
[WhiteElo "1733"]
[BlackElo "1896"]
[PlyCount "77"]
[EventDate "2006.03.31"]

1. d4 Nf6 2. Nc3 d5 3. e4 dxe4 4. f3 exf3 5. Nxf3 Bg4 6. h3 Bxf3 7. Qxf3 c6 8.
Bd3 e6 9. O-O Be7 10. Be3 Nbd7 11. Ne4 O-O 12. Rad1 Nxe4 13. Qxe4 g6 14. Bh6
Nf6 15. Qe5 Nh5 16. Bxf8 Bxf8 17. c3 Bd6 18. Qe3 Ng7 19. Rf3 Qc7 20. Rd2 c5 21.
Rdf2 Rf8 22. Bc2 b5 23. Bb3 c4 24. Bc2 a5 25. Qg5 Qb8 26. h4 Nh5 27. Bd1 Bh2+
28. Kh1 Ng3+ 29. Kxh2 Ne4+ 30. Qf4 Qxf4+ 31. Rxf4 Nxf2 32. Rxf2 Rd8 33. Bf3 b4
34. Kg3 Kf8 35. Kf4 Ke7 36. Kg5 h5 37. Re2 Rc8 38. g4 Rc5+ 39. dxc5 1-0

[Event "XV Weekend B"]
[Site "Ceriano Laghetto ITA"]
[Date "2006.04.02"]
[Round "4"]
[White "Garofalo, Sergio"]
[Black "Gagliani, Stefano"]
[Result "0-1"]
[WhiteElo "1911"]
[BlackElo "1698"]
[PlyCount "146"]
[EventDate "2006.03.31"]

1. d4 Nf6 2. Nf3 d5 3. c4 Bg4 4. e3 e6 5. Nbd2 Be7 6. Qb3 b6 7. Ne5 O-O 8. Nxg4
Nxg4 9. Bd3 Nf6 10. O-O Nbd7 11. Nf3 c5 12. Qd1 Rc8 13. Qe2 Qc7 14. b3 h6 15.
Bb2 Bd6 16. Rad1 e5 17. dxe5 Nxe5 18. Bb1 Nxf3+ 19. Qxf3 Be5 20. Qf5 Bxb2 21.
cxd5 Rcd8 22. f4 Qe7 23. Rf3 g6 24. Qc2 Ba3 25. e4 Rfe8 26. Re1 Nxd5 27. f5
gxf5 28. Rxf5 c4 29. Qe2 Bc5+ 30. Kh1 f6 31. Qf3 cxb3 32. Qg3+ Qg7 33. Qxb3 Qf7
34. Qf3 Re6 35. Bc2 Ne3 36. Rxc5 bxc5 37. Qxe3 f5 38. Bb3 fxe4 39. h3 Rd4 40.
Qg3+ Kh7 41. Bxe6 Qxe6 42. Qc7+ Rd7 43. Qxc5 a6 44. Qc3 Rd6 45. Rf1 e3 46. Qc2+
Kg8 47. Rf3 e2 48. Rg3+ Kf8 49. Rf3+ Ke8 50. Qa4+ Rc6 51. Qxc6+ Qxc6 52. Re3+
Kd8 53. Rxe2 Qc4 54. Rd2+ Ke7 55. Rf2 Kd6 56. Kh2 Kc5 57. a3 Kb5 58. Rf3 h5 59.
Rf5+ Ka4 60. Rxh5 Qc7+ 61. Kg1 Kxa3 62. Rf5 Qb6+ 63. Rf2 a5 64. h4 a4 65. g4
Qd4 66. g5 Qxh4 67. g6 Qd4 68. Kf1 Qd1+ 69. Kg2 Qg4+ 70. Kf1 Qxg6 71. Rf3+ Kb2
72. Ke2 Qe4+ 73. Re3 Qxe3+ 0-1

[Event "XV Weekend B"]
[Site "Ceriano Laghetto ITA"]
[Date "2006.04.02"]
[Round "4"]
[White "Greco, Umberto"]
[Black "Nardone, Massimo"]
[Result "1/2-1/2"]
[WhiteElo "1605"]
[BlackElo "1910"]
[PlyCount "75"]
[EventDate "2006.03.31"]

1. d4 d5 2. c4 e6 3. cxd5 exd5 4. Nc3 Nf6 5. Bg5 Be7 6. e3 Bf5 7. Bd3 Bxd3 8.
Qxd3 Nbd7 9. Nf3 O-O 10. O-O h6 11. Bxf6 Nxf6 12. Rfc1 c6 13. Rab1 a5 14. a3
Qb6 15. Na4 Qa6 16. Qxa6 Rxa6 17. Nc5 Bxc5 18. Rxc5 Rfa8 19. a4 Rb6 20. Ne5 Kf8
21. Kf1 Ke7 22. Ke2 Ne4 23. Rc2 Rb3 24. Rbc1 Ra6 25. f3 Nd6 26. Nd3 Rab6 27.
Rc3 Nc4 28. Rxb3 Rxb3 29. Rc3 Rxc3 30. bxc3 b5 31. axb5 cxb5 32. e4 dxe4 33.
fxe4 a4 34. Nb4 f6 35. Kd3 Nb2+ 36. Kc2 Nc4 37. Kd3 Nb2+ 38. Kc2 1/2-1/2

[Event "XV Weekend B"]
[Site "Ceriano Laghetto ITA"]
[Date "2006.04.02"]
[Round "4"]
[White "Marrone, Vincenzo"]
[Black "Bettini, Massimo"]
[Result "1-0"]
[WhiteElo "1865"]
[BlackElo "1916"]
[PlyCount "82"]
[EventDate "2006.03.31"]

1. e4 e5 2. Nf3 Nc6 3. Bc4 Nf6 4. Ng5 Bc5 5. Bxf7+ Ke7 6. Bb3 Rf8 7. d3 Qe8 8.
Nf3 d6 9. Qe2 Bg4 10. c3 Qg6 11. Be3 Nd7 12. Nbd2 a5 13. O-O-O a4 14. Bc2 Qe6
15. Bb1 h6 16. h3 Bh5 17. g4 Bf7 18. Nh4 Qf6 19. Nf5+ Kd8 20. h4 Be6 21. g5 Qf7
22. gxh6 g6 23. Ng7 Bxa2 24. Rdg1 a3 25. Nc4 axb2+ 26. Kxb2 Bxb1 27. Kxb1 b5
28. Qg4 bxc4 29. Ne6+ Kc8 30. Nxf8 Rb8+ 31. Kc1 Bxe3+ 32. fxe3 Qxf8 33. h7 Qh6
34. Qg5 Qxh7 35. Qxg6 Qxg6 36. Rxg6 cxd3 37. Rg8+ Nd8 38. h5 Nf6 39. h6 Nxg8
40. h7 Nf7 41. hxg8=Q+ Nd8 1-0

[Event "XV Weekend B"]
[Site "Ceriano Laghetto ITA"]
[Date "2006.04.02"]
[Round "4"]
[White "Mondini, Francesco"]
[Black "Ferraris, Fulvio"]
[Result "0-1"]
[WhiteElo "1628"]
[BlackElo "1751"]
[PlyCount "120"]
[EventDate "2006.03.31"]

1. d4 e6 2. c4 d5 3. Bf4 Bb4+ 4. Nc3 Bxc3+ 5. bxc3 Ne7 6. e3 Ng6 7. Bg3 c6 8.
Nf3 Nd7 9. Be2 Nf6 10. cxd5 cxd5 11. Qa4+ Bd7 12. Qb4 Ne4 13. O-O Qb6 14. Qa3
Rc8 15. Rab1 Rxc3 16. Qb2 Qxb2 17. Rxb2 Nxg3 18. fxg3 Rxe3 19. Kf2 Ra3 20. Rxb7
Ke7 21. Bb5 Rxa2+ 22. Kg1 Rd8 23. Ng5 f6 24. Nxh7 Rb2 25. Rxd7+ Rxd7 26. Bxd7
Kxd7 27. Ra1 Rb7 28. Kf2 Ke7 29. h4 Kf7 30. h5 Ne7 31. Re1 Nf5 32. g4 Nxd4 33.
g5 Rb2+ 34. Kg3 Nf5+ 35. Kh3 Rb4 36. Kh2 Rh4+ 37. Kg1 Rxh5 38. g6+ Kxg6 39.
Nf8+ Kg5 40. Nxe6+ Kg4 41. Ra1 Ng3 42. Ra4+ Ne4 43. Nxg7 Rh7 44. Ne8 Kf5 45.
g4+ Ke5 46. Ra6 Re7 47. g5 fxg5 48. Kg2 Rxe8 49. Rxa7 Rf8 50. Rg7 Rf4 51. Ra7
g4 52. Ra5 Rf2+ 53. Kg1 Rd2 54. Kf1 Kf4 55. Ra3 d4 56. Ke1 d3 57. Ra4 Re2+ 58.
Kd1 Ke3 59. Ra5 Nc3+ 60. Kc1 Rc2# 0-1

[Event "XV Weekend B"]
[Site "Ceriano Laghetto ITA"]
[Date "2006.04.02"]
[Round "4"]
[White "Orsi, Matteo"]
[Black "Johansson, Alexander"]
[Result "0-1"]
[WhiteElo "1900"]
[BlackElo "1850"]
[PlyCount "56"]
[EventDate "2006.03.31"]

1. d4 Nf6 2. c4 g6 3. Nc3 Bg7 4. e4 d6 5. Nge2 O-O 6. Ng3 Nc6 7. Be2 Nd7 8. Be3
e5 9. d5 Nd4 10. O-O a6 11. Qd2 f5 12. f4 Nxe2+ 13. Ncxe2 exf4 14. Nxf4 Ne5 15.
Rac1 Ng4 16. h3 Nxe3 17. Qxe3 g5 18. Ngh5 gxf4 19. Rxf4 Be5 20. Rcf1 Kh8 21. b3
Qg5 22. Qe2 Bd7 23. h4 Qh6 24. exf5 Bxf4 25. Rxf4 Rxf5 26. Rxf5 Bxf5 27. Qb2+
Kg8 28. Nf6+ Kf7 0-1

[Event "XV Weekend B"]
[Site "Ceriano Laghetto ITA"]
[Date "2006.04.02"]
[Round "4"]
[White "Oteri, Aldo"]
[Black "Petetta, Roberto"]
[Result "1-0"]
[WhiteElo "1858"]
[BlackElo "1718"]
[PlyCount "95"]
[EventDate "2006.03.31"]

1. e4 c5 2. Nf3 Nc6 3. d4 cxd4 4. Nxd4 Nf6 5. Nc3 g6 6. f3 Bg7 7. Be3 O-O 8.
Qd2 d6 9. O-O-O Bd7 10. h4 Qa5 11. Nb3 Qh5 12. g4 Nxg4 13. fxg4 Bxg4 14. Be2
Bxc3 15. bxc3 Bxe2 16. Rdg1 Qf3 17. h5 Ne5 18. Bd4 Ba6 19. hxg6 fxg6 20. Bxe5
dxe5 21. Qd5+ Qf7 22. Qxe5 Qf4+ 23. Qxf4 Rxf4 24. Nc5 Bc4 25. Nxb7 Bxa2 26. Nc5
Bc4 27. Rg5 a5 28. Re5 Ra7 29. Nd3 Rf3 30. Kd2 a4 31. Rc5 Be6 32. c4 a3 33. Kc3
Kg7 34. Kd4 h6 35. Ne5 Rg3 36. Nc6 Rd7+ 37. Ke5 Kf7 38. Rf1+ Bf5 39. exf5 g5
40. Rd5 Rxd5+ 41. cxd5 Rc3 42. f6 exf6+ 43. Rxf6+ Kg7 44. Nd4 Re3+ 45. Kf5 Re1
46. Ne6+ Kh7 47. Rf7+ Kg8 48. Kg6 1-0

[Event "XV Weekend B"]
[Site "Ceriano Laghetto ITA"]
[Date "2006.04.02"]
[Round "4"]
[White "Palminteri, Vincenzo"]
[Black "Cervini, Gian Piero"]
[Result "1/2-1/2"]
[WhiteElo "1700"]
[BlackElo "1955"]
[PlyCount "62"]
[EventDate "2006.03.31"]

1. e4 d6 2. d4 Nf6 3. Nc3 g6 4. Nf3 Bg7 5. Bg5 c6 6. Qd2 Qb6 7. O-O-O Na6 8.
Bc4 Bg4 9. h3 Bxf3 10. gxf3 O-O-O 11. Bxf7 Rhf8 12. Be6+ Kb8 13. h4 Nc7 14. Bc4
Nb5 15. Nxb5 cxb5 16. Bb3 a5 17. a3 Rd7 18. Be3 d5 19. e5 Ne8 20. Qe2 e6 21. h5
Nc7 22. Rdg1 a4 23. Ba2 b4 24. axb4 Qxb4 25. Qd3 Rxf3 26. hxg6 hxg6 27. Rxg6
Nb5 28. Bd2 Qf8 29. Qxb5 Rxf2 30. Bb4 Qf4+ 31. Kb1 Qe4 1/2-1/2

[Event "XV Weekend B"]
[Site "Ceriano Laghetto ITA"]
[Date "2006.04.02"]
[Round "4"]
[White "Parenti, Davide"]
[Black "Cardani, Roberto"]
[Result "1-0"]
[WhiteElo "1856"]
[BlackElo "1854"]
[PlyCount "101"]
[EventDate "2006.03.31"]

1. d4 Nf6 2. Nf3 g6 3. c4 Bg7 4. Nc3 d5 5. g3 c6 6. cxd5 Nxd5 7. Bg2 O-O 8. O-O
a5 9. e4 Nb6 10. h3 h6 11. Qc2 Na6 12. a3 Be6 13. Rd1 Qc8 14. Kh2 Nc7 15. b3 f5
16. Nh4 g5 17. Ng6 Rf7 18. f4 gxf4 19. Bxf4 fxe4 20. Nxe4 Ncd5 21. Qc5 Nd7 22.
Qc1 Nxf4 23. Nxf4 Bxb3 24. Rd3 a4 25. Nh5 Nf6 26. Nhxf6+ Bxf6 27. Qxh6 Bg7 28.
Qe3 Qe6 29. Qd2 Qh6 30. Qb4 Bd5 31. Re1 b5 32. Rde3 Raf8 33. Qb2 c5 34. Qxb5
cxd4 35. R3e2 Bxe4 36. Rxe4 e5 37. Rh4 Qd2 38. Qb1 d3 39. Rd1 Qc2 40. Kg1 e4
41. Qxc2 dxc2 42. Rc1 Rc7 43. Bxe4 Bb2 44. Rxc2 Bd4+ 45. Kh1 Rf1+ 46. Kg2 Rg1+
47. Kh2 Rxc2+ 48. Bxc2 Rc1 49. Bh7+ Kg7 50. Rxd4 Kxh7 51. Rxa4 1-0

[Event "XV Weekend B"]
[Site "Ceriano Laghetto ITA"]
[Date "2006.04.02"]
[Round "4"]
[White "Pepa, Syrja"]
[Black "Biava, Pierluigi"]
[Result "1/2-1/2"]
[WhiteElo "1718"]
[BlackElo "1679"]
[PlyCount "83"]
[EventDate "2006.03.31"]

1. e4 c5 2. Nf3 Nc6 3. d4 cxd4 4. Nxd4 e6 5. Be3 Nf6 6. Nd2 a6 7. c3 d6 8. Be2
Be7 9. O-O Bd7 10. Qc2 Rc8 11. a3 O-O 12. Rfe1 Ne5 13. h3 b5 14. f4 Nc6 15.
N2b3 d5 16. e5 Ne4 17. Bd3 f5 18. Nxc6 Rxc6 19. Nd4 Rc7 20. Qe2 Bh4 21. Rec1
Qb8 22. a4 Nc5 23. axb5 Nxd3 24. Qxd3 axb5 25. Ra6 Kf7 26. Rca1 Rb7 27. g4 g6
28. g5 Bxg5 29. fxg5 Qxe5 30. Ne2 Qc7 31. Bf4 Qc5+ 32. Qd4 Qxd4+ 33. Nxd4 Rc8
34. Ra7 Rxa7 35. Rxa7 Ke7 36. Nxb5 Rc6 37. Be5 Rb6 38. Bf6+ Ke8 39. Nc7+ Kf7
40. Nxd5 exd5 41. Rxd7+ Ke6 42. b4 1/2-1/2

[Event "XV Weekend B"]
[Site "Ceriano Laghetto ITA"]
[Date "2006.04.02"]
[Round "4"]
[White "Primerano, Carlo"]
[Black "Battaglia, Giuseppe"]
[Result "1/2-1/2"]
[WhiteElo "1688"]
[BlackElo "1673"]
[PlyCount "74"]
[EventDate "2006.03.31"]

1. d4 Nf6 2. c4 e5 3. dxe5 Ng4 4. Nf3 Bc5 5. e3 Nc6 6. Nc3 Ngxe5 7. Be2 O-O 8.
O-O Re8 9. b3 d6 10. Bb2 Bf5 11. Na4 Nxf3+ 12. Bxf3 Bb6 13. Nxb6 axb6 14. Re1
Ra7 15. Qd2 Qg5 16. a4 Ne5 17. Bxe5 dxe5 18. Rad1 e4 19. Be2 Bh3 20. g3 Raa8
21. Qd5 Qxd5 22. Rxd5 c6 23. Rd6 Rad8 24. Red1 Rxd6 25. Rxd6 Kf8 26. Bf1 Bxf1
27. Kxf1 Ke7 28. Rd4 f5 29. Ke2 Ke6 30. Rd1 Re7 31. Rd8 Rd7 32. Rxd7 Kxd7 33.
f3 exf3+ 34. Kxf3 Kd6 35. b4 g5 36. e4 Ke5 37. exf5 Kxf5 1/2-1/2

[Event "XV Weekend B"]
[Site "Ceriano Laghetto ITA"]
[Date "2006.04.02"]
[Round "4"]
[White "Sartorio, Diego"]
[Black "Ronconi, Fausto"]
[Result "1-0"]
[WhiteElo "1924"]
[BlackElo "1703"]
[PlyCount "47"]
[EventDate "2006.03.31"]

1. e4 e6 2. d4 d5 3. Nd2 c5 4. exd5 Qxd5 5. Ngf3 cxd4 6. Nb3 Bb4+ 7. Bd2 Bxd2+
8. Qxd2 Nf6 9. Qxd4 Nc6 10. Qxd5 Nxd5 11. a3 b6 12. Bb5 Bd7 13. O-O O-O 14.
Rfd1 Nf6 15. Rd6 Ne5 16. Bxd7 Nexd7 17. Rad1 Rac8 18. c3 Nc5 19. Nxc5 Rxc5 20.
Nd4 Rd5 21. Rxd5 Nxd5 22. Nc6 a6 23. Kf1 Rc8 24. Rxd5 1-0

[Event "XV Weekend B"]
[Site "Ceriano Laghetto ITA"]
[Date "2006.04.02"]
[Round "4"]
[White "Stips, Felix"]
[Black "Villalba, Fernando"]
[Result "1/2-1/2"]
[WhiteElo "1818"]
[BlackElo "1899"]
[PlyCount "87"]
[EventDate "2006.03.31"]

1. e4 c5 2. Nf3 Nc6 3. d4 cxd4 4. Nxd4 g6 5. Nc3 Bg7 6. Be3 Nf6 7. Bc4 O-O 8.
Bb3 d6 9. f3 Qb6 10. Nf5 Qc7 11. Nxg7 Kxg7 12. Qd2 Kg8 13. Nd5 Nxd5 14. Bxd5 e6
15. Bb3 Na5 16. O-O-O Nxb3+ 17. axb3 a5 18. Bh6 Re8 19. Qxd6 Qxd6 20. Rxd6 b5
21. Rhd1 a4 22. bxa4 bxa4 23. Rd8 Ba6 24. Rxe8+ Rxe8 25. Bg5 Rc8 26. Rd4 Bb5
27. Bf6 Ra8 28. Kd2 Bf1 29. g3 Bb5 30. c4 Be8 31. f4 a3 32. bxa3 Rxa3 33. Be7
Ra7 34. Bc5 Rd7 35. Bd6 Rd8 36. e5 Bc6 37. Kc3 Rc8 38. g4 Ra8 39. Rd2 Bf3 40.
g5 Kg7 41. Kb4 Rc8 42. Ra2 h6 43. h4 Rxc4+ 44. Kxc4 1/2-1/2

[Event "XV Weekend B"]
[Site "Ceriano Laghetto ITA"]
[Date "2006.04.02"]
[Round "4"]
[White "Zuccaro, Guido"]
[Black "De La Pena, Elmer"]
[Result "0-1"]
[WhiteElo "1604"]
[BlackElo "1853"]
[PlyCount "105"]
[EventDate "2006.03.31"]

1. c4 Nf6 2. Nc3 e6 3. g3 Bb4 4. Bg2 O-O 5. Nf3 Qe7 6. O-O d5 7. cxd5 exd5 8.
d3 Re8 9. e3 c6 10. Qc2 Na6 11. a3 Bd6 12. b4 Nc7 13. Bb2 h6 14. Nd4 Bd7 15.
Na4 Rac8 16. Nc5 Bxc5 17. bxc5 Na6 18. Rfc1 Ng4 19. e4 Nc7 20. Qc3 Qg5 21. Nf3
Qg6 22. h3 Nb5 23. Qc2 dxe4 24. dxe4 Nf6 25. Ne5 Qh7 26. Nxd7 Nxd7 27. a4 Nc7
28. Qb3 Ne6 29. Ba3 Rb8 30. Ra2 Qg6 31. f4 Qh5 32. Qe3 g5 33. f5 Ng7 34. Qd4
Ne5 35. Rf2 Rbd8 36. Qc3 Rd3 37. Qa1 Rxg3 38. Bb2 f6 39. Bxe5 Rxe5 40. Kh2 Qh4
41. Rf3 Nh5 42. Rcc3 Rxf3 43. Rxf3 Qxe4 44. Qa2+ Rd5 45. Rf2 Qe5+ 46. Kg1 Qe1+
47. Kh2 Qe5+ 48. Kg1 Nf4 49. Bxd5+ cxd5 50. Qb3 Qxf5 51. Rf3 Qe4 52. Kf2 Qe2+
53. Kg3 0-1